Bản vẽ kỹ thuật tiêu chuẩn quốc tế

Wedi'i Gadw mewn:
Manylion Llyfryddiaeth
Fformat: Llyfr
Iaith:Vietnamese
Cyhoeddwyd: Giáo Dục 1998
Pynciau:
Tagiau: Ychwanegu Tag
Dim Tagiau, Byddwch y cyntaf i dagio'r cofnod hwn!
Thư viện lưu trữ: Mạng thư viện Đại học Đà Nẵng
LEADER 00985nam a2200301 a 4500
001 000002582
003 02866
005 20171229145311.0
008 171229s1998 vie
040 |a LSK 
041 0 |a VIE 
082 0 |a 604.2  |b Ba-V 
245 0 0 |a Bản vẽ kỹ thuật tiêu chuẩn quốc tế  |c Trần Hữu Quế, Nguyễn Văn Tuấn 
260 |b Giáo Dục  |c 1998 
300 |a 408 pages  |c 27 cm. 
653 |a Vẽ - kỹ thuật 
852 |a Phòng Đọc - Phòng Mượn 
901 |a 9 
927 |a Sách tham khảo 
OWN |a LSK 
AVA |a UDN50  |b LSK  |d 604.2 Ba-V  |e available  |t Error 5001 Not defined in file expand_doc_bib_avail.  |f 9  |g 0  |h N  |i 1  |k 1 
999 |a From the UDN01 
AVA |a UDN50  |b LSK  |d 604.2 Ba-V  |e available  |t Error 5001 Not defined in file expand_doc_bib_avail.  |f 9  |g 0  |h N  |i 1  |k 1 
TYP |a Monograph 
TYP |a Printed language 
980 |a Mạng thư viện Đại học Đà Nẵng